Memphis Grizzlies NBA All-Stars - Statistics

General Stats
  • This quiz has been taken 1,609 times
    1,143 since last reset
  • The average score is 5 of 5
Answer Stats
Players Selections Last % Correct
Ja Morant 2 2023
98%
Marc Gasol 3 2017
95%
Pau Gasol 1 2006
95%
Jaren Jackson Jr. 2 2025
92%
Zach Randolph 2 2013
80%
No matching quizzes found
Score Distribution
Percent of People with Each Score
Percentile by Number Answered
Your Score History
You have not taken this quiz since the last reset